Normal view MARC view
  • Eugeni, Marco , Gaudenzi, Paolo

Entry Corporate Name

Number of records used in: 1

001 - CONTROL NUMBER

  • control field: 98806

003 - CONTROL NUMBER IDENTIFIER

  • control field: NUST

005 - DATE AND TIME OF LATEST TRANSACTION

  • control field: 20220907120012.0

008 - FIXED-LENGTH DATA ELEMENTS

  • fixed length control field: 220907|| aca||aabn | a|a d

040 ## - CATALOGING SOURCE

  • Original cataloging agency: NUST
  • Transcribing agency: NUST

110 ## - HEADING--CORPORATE NAME

  • Corporate name or jurisdiction name as entry element: Eugeni, Marco , Gaudenzi, Paolo

670 ## - SOURCE DATA FOUND

  • Source citation: Work cat.: (NUST): Elahi, Hassan: 98805, Piezoelectric Aeroelastic Energy Harvesting, 2022.
© 2023 Central Library, National University of Sciences and Technology. All Rights Reserved.